| 000 | 00672nam a2200241 a 4500 | ||
|---|---|---|---|
| 001 | 53832 | ||
| 003 | BD-RjUL | ||
| 005 | 20211209080028.0 | ||
| 008 | 161026r19641961nyna|||| |||| 001 0 eng d | ||
| 035 | _a(BD-RjUL)53954 | ||
| 040 |
_aBD-RjUL _beng _cBD-RjUL |
||
| 041 | _aeng | ||
| 082 |
_a590 _bWIZ 1964 |
||
| 100 | 1 | 0 |
_aWinchester, A M _9160029 |
| 245 | 1 | 0 |
_aZoology / _cA M Winchester; Harvey B Lovell |
| 250 | _a3rd ed. | ||
| 260 |
_aPrinceton : _bVan Nostrand Company, _c1961[Reprint 1964] |
||
| 300 |
_aviii, 645 p. : _bill. ; _c24 cm. |
||
| 500 | _aIncludes index | ||
| 650 |
_aZoology. _9160790 |
||
| 700 |
_aLovell, Harvey B _9160791 |
||
| 942 |
_2ddc _cBK |
||
| 999 |
_c53832 _d53832 |
||